Pobožnosti k Márii Pomocnici kresťanov a svätcom saleziánskej rodiny /

Uložené v:
Podrobná bibliografia
Hlavný autor: Kalafutová, Andrea (Author)
Médium: Kniha
Jazyk:Slovak
Vydané: Bratislava : Don Bosco, 2004
Vydanie:[1. vyd.]
Témy:
ISBN: 8080740070 (brož.)
Fyzický popis: 60 s. : fotogr. ; 15 cm
Tagy: Pridať tag
Žiadne tagy, Buďte prvý kto otaguje tento záznam!

MARC

LEADER 00000nam a2200000 a 4500
001 000007828
005 20060310084301.0
008 050211s2004 xo a e 000 0 sloo
020 |a 8080740070 (brož.) 
040 |a SVKKK  |b slo  |c SVKKK  |e AACR2 
041 0 |a slo 
044 |a xo  |c SK 
072 7 |a 27  |x Kresťanstvo. Kresťanská cirkev všeobecne. Ekleziológia  |2 konspekt 
080 |a 27-36  |2 1997 
080 |a 27-534.3  |2 1997 
080 |a 27-532.3/.4  |2 1997 
080 |a (035)  |2 1997 
100 1 |a Kalafutová, Andrea  |4 aut 
245 1 0 |a Pobožnosti k Márii Pomocnici kresťanov a svätcom saleziánskej rodiny /  |c [spolupracovala Andrea Kalafutová] 
250 |a [1. vyd.] 
260 |a Bratislava :  |b Don Bosco,  |c 2004 
300 |a 60 s. :  |b fotogr. ;  |c 15 cm 
500 |a Údaj o spoluprac. prevzatý z tiráže 
600 0 7 |a Mária,  |c matka Ježišova  |2 SVKKKMA 
600 1 7 |a Bosco, Ján,  |c sv.,  |d 1815-1888  |2 SVKKKMA 
650 0 7 |a svätci  |2 SVKKKPH 
650 0 7 |a modlitby  |2 SVKKKPH 
650 0 7 |a pobožnosti  |2 SVKKKPH 
655 7 |a príručky  |2 SVKKKPH 
919 |a 80-8074-007-0 
998 |a BK 
090 |g SCKHL  |k Sklad Hlavná 10 prízemie  |a I.73345  |j 966226  |i 2720024770  |s Absenčne